000 00755cam a22002414a 4500
008
020 _a9781846287732 (pbk.)
049 _aMAIN
090 _aQA76.64
_bCRA
100 1 _aCraig, Iain D.
245 1 0 _aObject-oriented programming languages :
_binterpretation /
_cIain D. Craig.
260 _aLondon :
_bSpringer,
_c2007.
300 _aviii, 252 p. :
_bill. ;
_c24 cm.
440 0 _aUndergraduate topics in computer science.
504 _aIncludes bibliographical references.
500 _aIncludes index.
650 0 _aObject-oriented programming languages.
907 _a.b10280364
_b01-10-10
_c12-08-10
003
005 20230123125030.0
040 _cNUST
942 _cBOOKS
_kQA76.64
_mCRA
999 _c134508
_d134508